000 00782nam a22002177a 4500
005 2010080407137.0
010 _aENG-98023
020 _a9380060726
_c200.00
020 _a9789380060729
_c200.00
035 _aEN-81556
037 _bDBAD/PUB
082 _a547.3
100 _aGohulavani,G.
_97171
245 _aA text book of organic and physical chemistry /
_cby G. Gohulavani
260 _aSalem
_bM.S.K. Publications
_c2009
270 _a3/189-E, Athanoor Amman Kovil St.
_bSalem
_e636103
300 _a115p.
_c20cm (pbk)
650 _aPhysical organic chemistry
_97172
942 _2ddc
_cEN
_h547.3
_mGOH
999 _c39242
_d39242